| 000 | 00636nam a2200241Ia 4500 | ||
|---|---|---|---|
| 003 | OSt | ||
| 005 | 20221006144618.0 | ||
| 006 | a|||||r|||| 00| 0 | ||
| 007 | ta | ||
| 008 | 221006b |||||||| |||| 00| 0 eng d | ||
| 020 | _c2.00 | ||
| 024 | _a12,117 | ||
| 037 | _cTextual | ||
| 040 |
_aEASL _cEASL _beng |
||
| 041 |
_2eng _aeng |
||
| 082 | _aV41y7N32, J5 | ||
| 100 |
_aHSING Liang _9652416 |
||
| 245 | 0 | _aLiu Hu Lan ; Story of a girl revolutionary | |
| 260 |
_aPeking _bForeign Languages Press _c1953 |
||
| 300 |
_a87p. _ccm. |
||
| 942 |
_hV41y7N32, J5 _cTEXL _2CC |
||
| 999 |
_c1080203 _d1080203 |
||